01692nam a2200457 i 450000100060000000300020000600500170000800600190002500700150004400800410005902000280010002000180012803500220014604000310016805000210019908000070022008200150022710000280024224500770027026400450034730000250039233600310041733700330044833800430048149000220052450400420054658800830058859001620067165000150083365000270084865000450087565000390092065000420095965000310100165500270103279700180105983000660107785600630114394200110120699900170121777749020241217151415.0m o u cr cn|||||||||210330s2013 ag ob 000 0 spa d a9789502321073q(e-book) z9789502320472 a(OCoLC)1198292329 aFINmELBbspaerdacFINmELB 4aHB72b.F395 2013 a3304a330.012231 aFazio, Horacio,eautor.10aEconomía, ética y ambiente :b(en un mundo finito) /cHoracio Fazio. 1aCiudad de Buenos Aires :bEudeba,c2013. a1 recurso en línea atextobtxt2rdacontent/spa acomputadorabc2rdamedia/spa arecurso en líneabcr2rdacarrier/spa1 aTemas. Economía aIncluye referencias bibliográficas. aDescripción basada en metadatos suministrados por el editor y otras fuentes. aRecurso electrónico. Santa Fe, Arg.: elibro, 2021. Disponible vía World Wide Web. El acceso puede estar limitado para las bibliotecas afiliadas a elibro. 0aEconomics. 4aCiencias económicas. 4aEconomíaxAspectos morales y éticos. 4aEcologíaxAspectos económicos. 0aEconomicsxMoral and ethical aspects. 0aEcologyxEconomic aspects. 4aLibros electrónicos.2 aelibro, Corp. 0aTemas (Editorial Universitaria de Buenos Aires).pEconomía.40uhttps://elibro.net/ereader/politecnicointernacional/119760 cLIBROS c77749d77749